00461 2200193 4500245003400000020001800034250001100052100001800063700002000081700002100101650001700122005001900139260003100158041001400189084001000203300003400213336000900247338001100256 aCute BoycAsagi, HikaruhText a9786023394654 aCet. 1 aAsagi, Hikaru aIne Martiana K. aFrisian Yuniardi aKomik Jepang a20230203135853 aJakartabPT Gramediac2015 aIndonesia a741.5 a... jil. :bilus. ;c17,5 cm. atext avolume